| 000 | 00655nam a2200241Ia 4500 | ||
|---|---|---|---|
| 003 | 0100 | ||
| 008 | 130227s9999 xx 000 0 und d | ||
| 040 | _cARRUPELIB | ||
| 050 | _aBX1746.R36412 | ||
| 100 | _aRatzinger, Joseph | ||
| 245 | _aLe Nouveau peuple de Dieu | ||
| 260 | _aParis | ||
| 260 | _bAubier Montaigne | ||
| 260 | _C1971 | ||
| 300 | _a191p | ||
| 300 | _b 20cm | ||
| 440 | _aIntelligence de la foi | ||
| 650 | _bDawkins, Richard, 1941--God delusion | ||
| 650 | _cHitchens, Christopher God is not great | ||
| 650 | _dHarris, Sam, 1967--End of faith | ||
| 700 | _aGivord, Robert (tr); Bourboulon, Helene (tr) | ||
| 942 |
_2lcc _01 |
||
| 999 |
_c4347 _d4347 |
||